| 000 | 00727nam a22001937a 4500 | ||
|---|---|---|---|
| 999 |
_c7132 _d7132 |
||
| 003 | AR-CdUCM | ||
| 008 | 190320b ||||| |||| 00| 0 spa d | ||
| 040 |
_aMUNICIPALIDAD PROVINCIAL DEL CUSCO _cBIBLIOTECA MUNICIPAL DEL CUSCO |
||
| 082 |
_22ed. _a868.6 / _bSC28 |
||
| 100 |
_aScarpa, Roque Esteban _97479 |
||
| 245 | _aLecturas medievales españolas / | ||
| 260 |
_aSantiago de Chile : _bZig-Zag, _c1944. |
||
| 300 |
_a471 páginas ; _c17.5 cm. |
||
| 505 | _aContenido:Cantares de gesta -- El mester de clerecia -- El cancionero -- El romancero -- Ruta del romance -- Los humanistas -- La narración ... | ||
| 650 |
_aLiteratura española _9362 |
||
| 650 |
_aLiteratura medieval _917566 |
||
| 942 |
_2ddc _cLIBROS |
||
| 945 | _aafb | ||